Cities by First Two Letters on a Map - Statistics

General Stats
  • This quiz has been taken 170 times
    169 since last reset
  • The average score is 65 of 72
Answers on the Map
Answers color-coded by a green-red scale on the quiz's map according to % correct below.
 
Answer Stats
City % Correct
Bogotá
97%
Buenos Aires
97%
Chennai
97%
Delhi
97%
London
97%
Los Angeles
97%
New York City
97%
Saint Petersburg
97%
Bangalore
96%
Beijing
96%
Berlin
96%
Cairo
96%
Cape Town
96%
Caracas
96%
Casablanca
96%
Guangzhou
96%
Ho Chi Minh City
96%
Karachi
96%
Kolkata
96%
Madrid
96%
Manila
96%
Miami
96%
Milan
96%
Moscow
96%
Paris
96%
San Francisco
96%
Santiago
96%
São Paulo
96%
Seattle
96%
Seoul
96%
Tokyo
96%
Toronto
96%
Mexico City
95%
Rio de Janeiro
93%
Riyadh
93%
Mumbai
92%
Baghdad
91%
Bangkok
91%
Sydney
91%
Dhaka
90%
Istanbul
90%
Jakarta
89%
Lima
89%
Washington, D.C.
89%
Chengdu
88%
Chicago
88%
Dubai
88%
Shanghai
88%
Tehran
88%
Dallas
87%
Dar es Salaam
87%
Houston
87%
Detroit
86%
Kuala Lumpur
86%
Tianjin
85%
Johannesburg
84%
Khartoum
84%
Addis Ababa
82%
Atlanta
82%
Lagos
82%
Lahore
82%
Nairobi
82%
Rotterdam
82%
Guadalajara
81%
Kampala
80%
Kano
80%
Phoenix
78%
Abidjan
76%
Luanda
76%
Accra
75%
Kinshasa
75%
Wuhan
68%
No matching quizzes found
Score Distribution
Percent of People with Each Score
Percentile by Number Answered
Your Score History
You have not taken this quiz since the last reset